<?xml version="1.0" encoding="UTF-8"?><?xml-stylesheet type="text/xsl" href="static/style.xsl"?><OAI-PMH xmlns="http://www.openarchives.org/OAI/2.0/" xmlns:xsi="http://www.w3.org/2001/XMLSchema-instance" xsi:schemaLocation="http://www.openarchives.org/OAI/2.0/ http://www.openarchives.org/OAI/2.0/OAI-PMH.xsd"><responseDate>2026-04-18T07:39:28Z</responseDate><request verb="GetRecord" identifier="oai:www.recercat.cat:2445/225901" metadataPrefix="marc">https://recercat.cat/oai/request</request><GetRecord><record><header><identifier>oai:recercat.cat:2445/225901</identifier><datestamp>2026-04-10T21:58:04Z</datestamp><setSpec>com_2072_1057</setSpec><setSpec>col_2072_478799</setSpec><setSpec>col_2072_478917</setSpec></header><metadata><record xmlns="http://www.loc.gov/MARC21/slim" xmlns:dcterms="http://purl.org/dc/terms/" xmlns:xsi="http://www.w3.org/2001/XMLSchema-instance" xmlns:doc="http://www.lyncode.com/xoai" xsi:schemaLocation="http://www.loc.gov/MARC21/slim http://www.loc.gov/standards/marcxml/schema/MARC21slim.xsd">
   <leader>00925njm 22002777a 4500</leader>
   <datafield ind2=" " ind1=" " tag="042">
      <subfield code="a">dc</subfield>
   </datafield>
   <datafield ind2=" " ind1=" " tag="720">
      <subfield code="a">Veselinova, Yoana</subfield>
      <subfield code="e">author</subfield>
   </datafield>
   <datafield ind2=" " ind1=" " tag="720">
      <subfield code="a">Esteller, Manel, 1968-</subfield>
      <subfield code="e">author</subfield>
   </datafield>
   <datafield ind2=" " ind1=" " tag="720">
      <subfield code="a">Ferrer, Gerardo</subfield>
      <subfield code="e">author</subfield>
   </datafield>
   <datafield ind2=" " ind1=" " tag="260">
      <subfield code="c">2026-01-21T15:41:24Z</subfield>
   </datafield>
   <datafield ind2=" " ind1=" " tag="260">
      <subfield code="c">2026-01-21T15:41:24Z</subfield>
   </datafield>
   <datafield ind2=" " ind1=" " tag="260">
      <subfield code="c">2025-09-09</subfield>
   </datafield>
   <datafield ind2=" " ind1=" " tag="260">
      <subfield code="c">2026-01-21T15:41:24Z</subfield>
   </datafield>
   <datafield ind2=" " ind1=" " tag="520">
      <subfield code="a">B-cell acute lymphoblastic leukemia (B-ALL) remains a major clinical challenge in hematologic oncology, characterized by a continuous evolution of molecular drivers that shape its heterogeneity across the age spectrum. Pediatric B-ALL is generally associated with high cure rates, while adult forms of the disease are often more aggressive and less responsive to treatment. This review examines the age-specific genetic and epigenetic landscapes that contribute to this disparity, revealing how the nature and timing of molecular alterations point to fundamentally different leukemogenic processes. Favorable genetic aberrations, such as ETV6::RUNX1 and hyperdiploidy, are predominant in children, whereas adults more frequently present with high-risk features, including BCR::ABL1 fusions and IKZF1 deletions. Epigenetic distinctions are similarly age-dependent, involving divergent patterns of DNA methylation, histone modifications, and non-coding RNA expression. For example, pediatric B-ALL frequently harbors mutations in epigenetic regulators like SETD2 and CREBBP, while adult B-ALL is more commonly affected by alterations in TET2 and IDH1/2. These molecular differences are not only prognostic but also mechanistic, reflecting distinct developmental trajectories and vulnerabilities. Understanding these age-driven transitions is essential for improving risk stratification and developing precision therapies tailored to the unique biology of B-ALL across the lifespan.</subfield>
   </datafield>
   <datafield tag="653" ind2=" " ind1=" ">
      <subfield code="a">ADN</subfield>
   </datafield>
   <datafield tag="653" ind2=" " ind1=" ">
      <subfield code="a">Factors d'edat en les malalties</subfield>
   </datafield>
   <datafield tag="653" ind2=" " ind1=" ">
      <subfield code="a">Epigènesi</subfield>
   </datafield>
   <datafield tag="653" ind2=" " ind1=" ">
      <subfield code="a">DNA</subfield>
   </datafield>
   <datafield tag="653" ind2=" " ind1=" ">
      <subfield code="a">Age factors in disease</subfield>
   </datafield>
   <datafield tag="653" ind2=" " ind1=" ">
      <subfield code="a">Epigenesis</subfield>
   </datafield>
   <datafield ind2="0" ind1="0" tag="245">
      <subfield code="a">Age-driven genetic and epigenetic heterogeneity in B-ALL</subfield>
   </datafield>
</record></metadata></record></GetRecord></OAI-PMH>